| 000 | 01066nam a22003137a 4500 | ||
|---|---|---|---|
| 003 | CHAP | ||
| 005 | 20220329141751.0 | ||
| 008 | 971013s1968 r 00010 d | ||
| 010 | _a73487 | ||
| 011 | _a74459 | ||
| 035 | _a84018 | ||
| 040 | _cCHAP | ||
| 090 | _aTesis | ||
| 100 | 0 | 0 |
_aAlbizurez Palma, José Herlindo. _93500 |
| 245 | _aConsideraciones sobre el aprovechamiento y conservación de los recursos forestales de Guatemala | ||
| 260 |
_aGuatemala : _bEl autor, _c1968 |
||
| 300 |
_a43 p. _b: ilus. |
||
| 502 | _aTesis (Ing. Agrónomo) -- Universidad de San Carlos de Guatemala. Fac. de Agronomía | ||
| 590 |
_aALEPH _b10 _c20130110 _lUCH01 _h1416 |
||
| 590 |
_aBATCH-UPD _b10 _c20130110 _lUCH01 _h0338 |
||
| 590 |
_aBATCH-UPD _b10 _c20130111 _lUCH01 _h0003 |
||
| 590 |
_aBATCH-UPD _b10 _c20130410 _lUCH01 _h0011 |
||
| 590 |
_aBATCH-UPD _b10 _c20130913 _lUCH01 _h2347 |
||
| 590 |
_aCONVERSION _b10 _c20130109 _lUCH01 _h1340 |
||
| 650 | 1 | 4 |
_aRecursos forestales _xGuatemala. _995049 |
| 901 | _aBK | ||
| 942 | _cTESIS | ||
| 949 |
_bBC _cTES _d-39073 _eTS1 _i84018 _si |
||
| 999 |
_c73487 _d73487 |
||